000
00237nam a2200109Ia 4500
942
_c
BK
366
_f
28
245
_a
101 ways to make every second count
260
_b
Jaico Publishing House
546
_a
ENGLISH
_c
Computers
999
_c
32802
_d
32802